Statistics for Star Wars: Episode 1 Trivia

Click here to take the quiz!

General Stats

  • This quiz has been taken 29 times
  • The average score is 14 of 25

Answer Stats

HintAnswer% Correct
The movie opens on space ships forming a blockade on what planet?Naboo
91%
Who is young Obi Wan an apprentice to?Qui-Gon Jinn
91%
Who was his apprentice?Darth Maul
83%
What is the name of the comedic sidekick character that Obi Wan and his master find on the planet surface?Jar Jar Binks
83%
What word do the jedi use to mean apprentice?Padawan
83%
Who plays the young Queen Amedala?Natalie Portman
78%
Young Obi Wan is played by which actor?Ewan McGregor
70%
What type of sporting event does young Anakin enter into in order to help the heros get their ship fixed?Pod Race
70%
Who was the Sith mastermind of the plot to blockade, and then invade the planet in question one?Darth Sidious
65%
And, who is that character played by?Liam Neeson
65%
Which Jedi was killed at the end of the movie?Qui-Gon Jinn
61%
What planet did the heros escape to, in order to repair their ship's hyperdrive?Tatooine
61%
What organization put a blockade around the planet in question one?Trade Federation
61%
What type of alien is that character?Gungan
57%
Who was the flying junk dealer who refused to take their Republic credits?Watto
52%
Which jedi master finally allowed Obi Wan to take on young Anakin as his apprentice?Yoda
52%
Who is the leader of that alien race?Boss Nass
48%
Who directed The Phantom Menace?George Lucas
48%
What is the name of the city planet that is home to the jedi temple and the galactic senate?Coruscant
43%
Which jedi master was played by Samuel L. Jackson?Mace Windu
43%
Who was the chancellor, before being voted out in a vote of no confidence?Finis Valorum
39%
Who was the senator from the planet in question one?Sheev Palpatine
39%
The Sith apprentice has a lightsaber different from any lightsaber we have seen in previous movies. What is different about it?It has two blades.
30%
Who plays the young Anakin Skywalker?Jake Lloyd
30%
What is the title of the track played during the final lightsaber fight between the two protagonists and the Sith apprentice?Dueling Fates
4%

Score Distribution

Percentile by Number Answered

Percent of People with Each Score

Your Score History

You have not taken this quiz